书目信息 |
| 题名: |
读者文摘
|
|
| 作者: | 东方笑 主编 | |
| 分册: | ||
| 出版信息: | 陕西师大 2007.03 |
|
| 页数: | 272页 | |
| 开本: | 26cm | |
| 丛书名: | ||
| 单 册: | ||
| 中图分类: | Z228 | |
| 科图分类: | ||
| 主题词: | 百科全书--中国 | |
| 电子资源: | ||
| ISBN: | 7-5613-3709-4 | |
| 000 | 00701nam0 2200241 45 | |
| 001 | 0955060036 | |
| 005 | 20091026152011.65 | |
| 010 | @a7-5613-3709-4@dCNY29.80 | |
| 100 | @a20090515d2007 ekmy0 y0120 ea | |
| 102 | @aCN@b130000 | |
| 102 | @aCN@b610000 | |
| 105 | @ay z 000yy | |
| 200 | 1 | @a读者文摘@Adu zhe wen zhai@e善待自己每一天@f东方笑主编@Fdong fang xiao zhu bian |
| 210 | @c陕西师大@d2007.03 | |
| 210 | @a西安@c陕西师范大学出版社 | |
| 215 | @a272页@d26cm | |
| 517 | 1 | @a善待自己每一天@Ashan dai zi ji mei yi tian |
| 606 | 0 | @a百科全书@x中国 |
| 690 | @aZ228@v4 | |
| 701 | 0 | @a东方笑@Adong fang xiao@4主编 |
| 801 | 0 | @aCN@c20091026 |
| 905 | @a10447@dZ228@eD660 | |
| 906 | @d30@n3@r1 | |
| 读者文摘:善待自己每一天/东方笑主编.-陕西师大,2007.03.-西安:陕西师范大学出版社 |
| 272页;26cm |
| ISBN 7-5613-3709-4:CNY29.80 |
| ● |
| 相关链接 |
|
|
|
正题名:读者文摘
索取号:Z228/D660
 
预约/预借
| 序号 | 登录号 | 条形码 | 馆藏地/架位号 | 状态 | 备注 |
| 1 | 659538 | 206595380 | 自科库501/501自科库 126排1列3层/ [索取号:Z228/D660] | 在馆 | |
| 2 | 659539 | 206595399 | 自科库501/501自科库 126排1列3层/ [索取号:Z228/D660] | 在馆 | |
| 3 | 659540 | 206595406 | 期刊室512/501自科库 126排1列3层/ [索取号:Z228/D660] | 在馆 |